| 000 | 02003nam a2200253 4500 | ||
|---|---|---|---|
| 003 | co-ctgcurn | ||
| 005 | 20250405174608.0 | ||
| 008 | 180403s2025 000 0 eng d | ||
| 040 |
_aCO-CtgCURN _bspa _ccoctgcurn |
||
| 082 | 0 |
_aODO 2024 _bM269 |
|
| 100 | 1 | _aManco Julio, Malory Tatiana. | |
| 245 | 1 | 0 |
_aAnálisis bioinformático de la glucosiltransferasa-I como factor de virulencia del streptococcus mutans / _cMalory Tatiana Manco Julio; Noreimis Isabell Martínez Baldovino; asesor Jennifer Orozco Páez; Jaime Enrique Plazas Román. |
| 260 |
_aCartagena de Indias : _bCorporación Universitaria Rafael Nuñez, _c2025. |
||
| 300 | _a82 hojas. | ||
| 504 | _aTrabajo de grado (Odontología). Corporación Universitaria Rafael Nuñez. Facultad de Ciencias de la Salud. Odontología, 2024. | ||
| 520 | _a"En general, el análisis bioinformático de la glucosiltransferasa-I en Streptococcus mutans, cumple con la temática de estudio del papel que desempeña esta proteína como factor de virulencia en la caries dental. El Streptococcus mutans es una bacteria gram positiva, anaerobia facultativa por cuya vía la Gtf-I sintetiza glucanos a partir de la sacarosa, lo que promueve la formación de biopelículas en las superficies dentales. Por tanto, este estudio se llevará a cabo con el fin de conocer la estructura, función e interacciones de la Gtf-I mediante ayuda de herramientas bioinformáticas, las cuales se encuentran en bases de datos como UniProt, String y PDB. " | ||
| 650 | 0 |
_aOdontología _vTesis y disertaciones academicas. |
|
| 700 | 1 | _aMartínez Baldovino, Noreimis Isabell. | |
| 700 | 1 |
_aOrozco Páez, Jennifer, _eAsesor. |
|
| 700 | 1 |
_aPlazas Román, Jaime Enrique, _eAsesor. |
|
| 856 |
_uhttps://unicurn.sharepoint.com/:b:/s/biblioteca/EXzhbiJtkaBGhfL2mcHTFywBefQHFCppCd9VvdJx1Urprg?e=gNVaC6 _zClick aqui para ver el recurso en texto completo |
||
| 942 |
_2ddc _cTG _hODO 2024 _iM269 |
||
| 999 |
_c29523 _d29523 |
||